| 000 | 00661nam a2200205 4500 | ||
|---|---|---|---|
| 003 | SEACOMEC | ||
| 005 | 20240401130336.0 | ||
| 008 | 231004b |||||||| |||| 00| 0 eng d | ||
| 020 | _cRs. 120.00 | ||
| 040 | _aSEACOMEC | ||
| 082 |
_a621.3 _bP243 |
||
| 100 | 1 | _aParker Smith, S. | |
| 245 |
_aProblems in Electrical Engineering (Power Engineering and Electronics) _bWith answers _cS. Parker Smith and N.N. Parker Smith |
||
| 250 | _a9th Ed | ||
| 260 |
_aNew Delhi _bCBS _c2003 |
||
| 650 | _aApplied Physics | ||
| 650 | _aElectrical, Magnetic, optical, communications, computer engineering; electrons, lighting | ||
| 700 | 1 | _a Parker Smith N.N. | |
| 942 | _cBOOK | ||
| 999 |
_c63 _d63 |
||